00671nam a2200205Ia 4500003000900000008004100009040001300050040001300063041000800076100002400084245004500108250001200153260001400165260000900179300001100188300001000199490005000209490000600259600020000265IT-RoPAU120407s9999 xx 000 0 und d aIT-RoPAU cIT-RoPAU aita aHamilton A. R. Gibb aL’islamismo: una introduzione storica. aBologna aIl Mulino c1970 a285 p. c21 cm aCollana di studi religiosi L.4000. v1 a"Tit. orig. Mohammedanism: an historical survey. Trad. M. T. Dal Pozzolo. Introduzione all’edizione italiana di V. Poggi. 1. Islamismo I - Dal, Pozzolo Maria Teresa II - Poggi Vincenzo."